000 00699nam a2200181 a 4500
008 100616s2005 ||||||||||||||||| || u
050 _aIBRD(08)
100 _aLokshin, Michael
245 1 0 _aWage differentials between the public and private sectors in india
_cby Elena Glinskaya; Michael Lokshin
260 _aWashington, D. C.
_bWorld Bank
_c2005
300 _a36p.: ill
350 _a0.00
490 _aPolicy Research Working Paper
650 0 _aECONOMIC ASPECTS--INDIA
650 0 _aINDIA
700 _aGlinskaya, Elena
995 _D0.00
_FCBU-MAIN LIBRARY (Kitwe)
_H1
_I0.00
_M1
_UAVAILABLE
_WJun 16, 2010
_ZInternational Publications
999 _c61415
_d61415